Human behaviour and law enforcement / (Record no. 126065)

MARC details
000 -LEADER
fixed length control field 00811nam a22002417a 4500
005 - DATE AND TIME OF LATEST TRANSACTION
control field 20170124110004.0
010 ## - LIBRARY OF CONGRESS CONTROL NUMBER
LC control number A-715653
020 ## - INTERNATIONAL STANDARD BOOK NUMBER
Terms of availability 00.00
International Standard Book Number 8170246881
035 ## - SYSTEM CONTROL NUMBER
System control number A-715653
037 ## - SOURCE OF ACQUISITION
Source of stock number/acquisition Cen Lib/Ret
040 ## - CATALOGING SOURCE
Original cataloging agency DPL
Language of cataloging EN
082 ## - DEWEY DECIMAL CLASSIFICATION NUMBER
Classification number 363.22
Item number VAD
100 ## - MAIN ENTRY--PERSONAL NAME
Personal name Vadackumchery, James
9 (RLIN) 16472
245 ## - TITLE STATEMENT
Title Human behaviour and law enforcement /
Statement of responsibility, etc by James Vadackumchery [and] John Kattakayam
260 ## - PUBLICATION, DISTRIBUTION, ETC. (IMPRINT)
Place of publication, distribution, etc New Delhi
Name of publisher, distributor, etc Ashish Publishing House
Date of publication, distribution, etc 1995
270 ## - ADDRESS
Address 8/81, Punjabi Bagh
City New Delhi
Postal code 110026
300 ## - PHYSICAL DESCRIPTION
Extent viii,222p. :
Dimensions 21cm(Hb)
Other physical details ill
500 ## - GENERAL NOTE
General note Includes bibliographic references and index
650 ## - SUBJECT ADDED ENTRY--TOPICAL TERM
Topical term or geographic name as entry element Normal and abnormal behaviour
9 (RLIN) 16473
650 ## - SUBJECT ADDED ENTRY--TOPICAL TERM
Topical term or geographic name as entry element Practical law enforcement
9 (RLIN) 16474
700 ## - ADDED ENTRY--PERSONAL NAME
Personal name Kattakayam, John
9 (RLIN) 16475
942 ## - ADDED ENTRY ELEMENTS (KOHA)
Source of classification or shelving scheme Dewey Decimal Classification
Koha item type English Books
Classification part 363.22
Call number suffix VAD
Holdings
Withdrawn status Lost status Damaged status Not for loan Home library Current library Date acquired Source of acquisition Cost, normal purchase price Total Checkouts Full call number Barcode Date last seen Copy number Cost, replacement price Price effective from Koha item type Public note
Written off       Central Library Central Library 24/06/2015 Cen Lib/Ret 0.00   363.22 VAD A-715653 24/06/2015 1 0.00 24/06/2015 English Books Written off on approval by DLB (By Circulation); dtd 15-06-2023

© Delhi Public Library
Hit Counter
free hit counter